Unifying Hinduism : (Record no. 1848558)

MARC details
000 -LEADER
fixed length control field 00707cam a22002294a 4500
003 - CONTROL NUMBER IDENTIFIER
control field OSt
005 - DATE AND TIME OF LATEST TRANSACTION
control field 20260427112932.0
008 - FIXED-LENGTH DATA ELEMENTS--GENERAL INFORMATION
fixed length control field 100701s2010 nyu b 001 0 eng
020 ## - INTERNATIONAL STANDARD BOOK NUMBER
International Standard Book Number 9788178244730
040 ## - CATALOGING SOURCE
Transcribing agency HDL
041 ## - LANGUAGE CODE
Language code of text/sound track or separate title eng
082 00 - DEWEY DECIMAL CLASSIFICATION NUMBER
Classification number 294.509 Q0
100 1# - MAIN ENTRY--PERSONAL NAME
Personal name Nicholson, Andrew J.
9 (RLIN) 1235744
245 10 - TITLE STATEMENT
Title Unifying Hinduism :
Remainder of title philosophy and identity in Indian intellectual history /
Statement of responsibility, etc. Andrew J. Nicholson.
260 ## - PUBLICATION, DISTRIBUTION, ETC.
Place of publication, distribution, etc. New York :
Name of publisher, distributor, etc. Columbia University Press,
Date of publication, distribution, etc. 2010.
300 ## - PHYSICAL DESCRIPTION
Extent xii, 266 p.
490 0# - SERIES STATEMENT
Series statement South Asia across the disciplines
650 #0 - SUBJECT ADDED ENTRY--TOPICAL TERM
Topical term or geographic name entry element Hinduism
General subdivision History.
9 (RLIN) 1232382
651 #0 - SUBJECT ADDED ENTRY--GEOGRAPHIC NAME
Geographic name India
General subdivision Intellectual life.
9 (RLIN) 1235745
942 ## - ADDED ENTRY ELEMENTS (KOHA)
Source of classification or shelving scheme Colon Classification (CC)
Koha item type Textual
Suppress in OPAC No

No items available.

Copyright @ Delhi University Library System